000 00803cam a2200265 4500
001 J3282
008 090401t1995 xxu||||| |||| 00| 0 eng d
035 _a(Sirsi) u54082
041 _aeng
050 _a333.3370993
110 _aRider Hunt Holmes Cook Limited
_9533
245 _aNon residential property markets forecast. - August 1995
260 _aAuckland. New Zealand
_bRider Hunt Holmes Cook Limited
_c1995
300 _a7p. ; 30cm.
350 _a0
520 _aPrepared by the New Zealand Institute of Economic Research for Rider Hunt.
650 _aPROPERTY-COMMERCIAL PROPERTY
650 _aFORECASTS
650 _aNEW ZEALAND
650 _aNON-RESIDENTIAL PROPERTY
650 _aPROPERTY MARKET
690 _aOVERSEAS-REST OF THE WORLD
942 _n0
948 _c04/03/1997
999 _c93414
_d93414